• 首页
  • 本馆介绍
  • 公告通知
  • 最新文献
  • 馆藏检索
  • 电子资源
  • 读者导购
  • 参考咨询
  • 我的图书馆
  • 登录
  • 详细信息显示
  • 放入我的书架
  • 预约/预借图书
  • 作者相关作品
  • 分类相关作品
  • 丛书相关作品
  • 出版社相关作品

书目信息

  • 表格格式
  • 工作单格式
  • 卡片格式
题名:
摄影美学
    
 
作者: 赵鹏 编著
分册: 2   构图·影调·实战
出版信息: 北京   电子工业出版社  2019
页数: 233页
开本: 26cm
丛书名:
单 册:
中图分类: J401
科图分类:
主题词: 摄影美学--she ying mei xue
电子资源:
ISBN: 978-7-121-36202-6
000 01052nam0 2200253 450
001 012001010757
005 20191125152458.46
010    @a978-7-121-36202-6@dCNY89.00
099    @aCAL 012019078975
100    @a20190619d2019 em y0chiy50 ea
101 0  @achi
102    @aCN@b110000
105    @aa z 000yy
106    @ar
200 1  @a摄影美学@Ashe ying mei xue@h2@i构图·影调·实战@f赵鹏编著
210    @a北京@c电子工业出版社@d2019
215    @a233页@c图,彩图@d26cm
330    @a本书解决从人眼观感到相机呈现照片的转变问题,培养读者将看到的美景转化为摄影作品的能力。本书一共11章,循序渐进地介绍了构图的想法、选择与审美,恰当的拍摄时间,照片丰富的层次,加减的艺术,照片的画质,合适的后期处理等内容;并对对比较重要的林木、水景、草原、夜景、人像等题材进行了经验总结,帮助广大读者尽快拍摄出漂亮的摄影作品。
517 1  @a构图·影调·实战@Agou tu · ying tiao · shi zhan
606 0  @a摄影美学@Ashe ying mei xue
690    @aJ401@v5
701  0 @a赵鹏@AZhao Peng@4编著
801  0 @aCN@b上海新华@c20191020
905    @b1137012-5@dJ401@e414:2@f4
    
    摄影美学.2.构图·影调·实战/赵鹏编著.-北京:电子工业出版社,2019
    233页:图,彩图;26cm
    
    
    ISBN 978-7-121-36202-6:CNY89.00
    本书解决从人眼观感到相机呈现照片的转变问题,培养读者将看到的美景转化为摄影作品的能力。本书一共11章,循序渐进地介绍了构图的想法、选择与审美,恰当的拍摄时间,照片丰富的层次,加减的艺术,照片的画质,合适的后期处理等内容;并对对比较重要的林木、水景、草原、夜景、人像等题材进行了经验总结,帮助广大读者尽快拍摄出漂亮的摄影作品。
●
相关链接 在E读中查询图书 在五车中查询图书 在当当中查询图书 在豆瓣中查询图书


正题名:摄影美学     索取号:J401/414:2         预约/预借

序号 登录号 条形码 馆藏地/架位号 状态 备注
1 1137012   211370121   第一样本阅览室/ [索取号:J401/414:2] 在馆    
2 1137013   211370130   第一借阅区/ [索取号:J401/414:2] 在馆    
3 1137014   211370149   第一借阅区/ [索取号:J401/414:2] 在馆    
4 1137015   211370158   第一借阅区/ [索取号:J401/414:2] 在馆    
唐山师范学院图书馆 欢迎您!
大连网信软件有限公司© 版权所有